000 00318 a2200085 4500
100 1 _aChirlian, Paul M..
_eAutor
245 0 _aElectronic Circuits :
_bPhysical Principles, Analysis and Design /
_cChirlian Paul M..
710 2 _aMcGraw-Hill Book Company.
_eWydawca
_4pbl
260 _aNew York :
_bMcGraw-Hill,
_c1971.
300 _aXXI, 863 s.;
_c24 cm.
999 _c14295
_d14295